000 00701nam a2200241Ia 4500
005 20230410111310.0
008 131103s9999 xx 000 0 und d
020 _a0 87692 128 4
_cRs. 9.50
040 _aLoreto College
041 _aEnglish
082 _a338.52
_bDOR
100 _aDorfman,Robert
245 4 _aThe price system
_cRobert Dorfman
260 _aNew Delhi
_bPrentice - Hall of India
_cc 1979
300 _aviii,152 p.
_b ill.,fig.,tables
440 _aFoundations Of Modern Economics Series
504 _aIncludes bibliographical references and index
650 _aEconomics
651 _aPrice Theory
700 _aEckstein,Otto,series ed.
850 _aLCLIB
942 _cBK
999 _c3027
_d53506